| Tag |
First Indicator |
Second Indicator |
Subfields |
| LEADER |
00000nam a2200000 4500 |
| 001 |
in00004287321 |
| 005 |
20200813083638.0 |
| 006 |
m g d |
| 007 |
cr bn |||a|bb| |
| 008 |
850304s1652 enk o 00| | eng d |
| 035 |
|
|
|a (UnM)99872276
|
| 037 |
|
|
|a CL0051000006
|b ProQuest Information and Learning. 300 N. Zeeb Rd., Ann Arbor, MI 48106
|
| 040 |
|
|
|a Cu-RivES
|c Cu-RivES
|d CStRLIN
|e dcrb
|d WaOLN
|
| 100 |
1 |
|
|a Sheppard, William,
|d d. 1675?
|
| 245 |
0 |
4 |
|a The offices of constables, church-wardens, overseers of the poor, supravisors of the high-wayes, treasurers of the county-stock: and some other lesser country officers, plainly and lively set forth. :
|n The second part,
|p Office & duty of church-wardens, over-seers of the poor, supravisors of the high-wayes, governor of the house of correction.
|b In two books. The first book being of the office of the high-constable, petit-constable, bursholder, tything-man, &c. By William Sheppard, Esq;
|
| 246 |
3 |
|
|a Office & duty of church-wardens, over-seers of the poor, supravisors of the high-wayes, governor of the house of correction
|
| 260 |
|
|
|a London :
|b Printed by Ric. Hodgkinsonne, for E. Dod, and N. Ekins, at the Gun in Ivy-lane,
|c 1652.
|
| 300 |
|
|
|a 1 online resource ([118], 77, [1] pages)
|
| 336 |
|
|
|a text
|b txt
|2 rdacontent
|
| 337 |
|
|
|a computer
|b c
|2 rdamedia
|
| 338 |
|
|
|a online resource
|b cr
|2 rdacarrier
|
| 500 |
|
|
|a Signatures: a⁴ A-G 2nd a-d e⁴ (- a1 and e4).
|
| 500 |
|
|
|a The second part has separate dated title page (registration is separate and it is paginated) that reads: The office and duty of church-wardens, over-seers of the poor, supravisors of the high-wayes, governor of the house of correction.
|
| 500 |
|
|
|a The second part is entered in Wing (2nd edition) as S3199; but in fact it is part of Wing (2nd edition) S3201.
|
| 500 |
|
|
|a Annotation on Thomason copy: "May. 28".
|
| 500 |
|
|
|a Reproductions of the originals in the Harvard Law School Library (Early English books) and in the British Library (Thomason Tracts).
|
| 510 |
4 |
|
|a Wing (2nd edition)
|c S3199.
|
| 510 |
4 |
|
|a Wing (2nd edition)
|c S3201.
|
| 510 |
4 |
|
|a Thomason
|c E.1319[2].
|
| 533 |
|
|
|a Electronic reproduction.
|b Ann Arbor, Mich. :
|c UMI,
|d 1999-
|f (Early English books online)
|n Digital version of: (Thomason Tracts ; 176:E1319[2])
|7 s1999 miun s
|
| 650 |
|
0 |
|a Constables
|z England
|v Early works to 1800.
|
| 650 |
|
0 |
|a Local government
|z Great Britain
|v Early works to 1800.
|
| 830 |
|
0 |
|a Early English books online.
|
| 856 |
4 |
0 |
|u http://proxy.library.tamu.edu/login?url=https://search.proquest.com/docview/2248517146
|z Connect to the full text of this electronic book
|t 0
|
| 999 |
f |
f |
|s 9764a93a-4e2b-3b27-be72-073bd9a9c4d4
|i 8e110a4f-470e-302a-af5c-d03aeaf1fef4
|t 0
|
| 952 |
f |
f |
|a Texas A&M University
|b College Station
|c Electronic Resources
|d Available Online
|t 0
|h No information provided
|
| 998 |
f |
f |
|t 0
|l Available Online
|